| Tag |
First Indicator |
Second Indicator |
Subfields |
| LEADER |
00000cam a2200000 4500 |
| 001 |
in00000059131 |
| 005 |
20151008051533.0 |
| 008 |
800507s1929 nyuac 00000 eng d |
| 010 |
|
|
|a 27022143
|
| 035 |
|
|
|a (OCoLC)06289819
|
| 035 |
|
|
|9 AAG8526AM
|
| 040 |
|
|
|a TXA
|c TXA
|d UtOrBLW
|
| 049 |
|
|
|a TXAM
|c [342508]
|
| 090 |
|
|
|a HJ1077.C6
|b K4
|
| 092 |
|
|
|a 336.44
|b C8543k, 1929
|
| 100 |
1 |
|
|a Kerr, Albert Boardman,
|d 1875-
|
| 245 |
1 |
0 |
|a Jacques Coeur, merchant prince of the middle ages.
|
| 264 |
|
1 |
|a New York,
|a London :
|b Scribner's,
|c 1929.
|
| 300 |
|
|
|a 327 pages :
|b illustrations, portraits
|
| 336 |
|
|
|a text
|b txt
|2 rdacontent
|
| 337 |
|
|
|a unmediated
|b n
|2 rdamedia
|
| 338 |
|
|
|a volume
|b nc
|2 rdacarrier
|
| 600 |
1 |
0 |
|a Cœur, Jacques,
|d -1456.
|
| 650 |
|
0 |
|a Finance, Public
|z France.
|
| 999 |
|
|
|a MARS
|
| 999 |
f |
f |
|s 0570b4a6-9a81-3f10-a880-793c94fa270e
|i 8adfddde-0081-333d-97a6-236216f310a9
|t 0
|
| 952 |
f |
f |
|p ric
|a Texas A&M University
|b Rellis Campus
|c Joint Library Facility
|d Remote Storage
|t 0
|e HJ1077.C6 K4
|h Library of Congress classification
|i unmediated -- volume
|m A14800751470
|
| 998 |
f |
f |
|a HJ1077.C6 K4
|t 0
|l Remote Storage
|